[Event "Olympiad-39"]
[Site "Khanty-Mansiysk"]
[Date "2010.10.03"]
[Round "11.3"]
[White "Pavasovic, Dusko"]
[Black "Fier, Alexandr"]
[Result "0-1"]
[WhiteElo "2568"]
[BlackElo "2588"]
[Annotator "Fier,A"]
[PlyCount "126"]
[EventDate "2010.09.21"]
[EventType "team-swiss"]
[EventRounds "11"]
[EventCountry "RUS"]
[SourceTitle "CBM 139"]
[Source "ChessBase"]
[SourceDate "2010.11.18"]
[SourceVersion "1"]
[SourceVersionDate "2010.11.18"]
[SourceQuality "1"]
[WhiteTeam "Slovenia"]
[BlackTeam "Brazil"]
[WhiteTeamCountry "SLO"]
[BlackTeamCountry "BRA"]

1. e4 c5 2. c3 Nf6 3. e5 Nd5 4. Nf3 Nc6 5. Bc4 Nb6 6. Bb3 d5 7. exd6 c4 8. Bc2
e5 {An interesting alternative to the main 8...Qxd6.} 9. O-O Be6 $5 {The idiea
behind waiting one move to take the pawn on d6 is, that on some occasions,
Qxd6 is possible, trying to exchange the queens... Normally White has a good
initiative on the kingside, so without the queens the position is much easier
to play.} (9... Bxd6 10. d3 cxd3 11. Qxd3 h6 12. Rd1 Bc7 13. Qe2 Qe7 14. b3 f5
15. Ba3 Qf6 16. Nd4 {Predojevic - Timofeev, Sarajevo 2008. Black has some
problems putting the king in a safe place.}) 10. d4 (10. Re1 {is a logical
move:} Bxd6 11. d4 cxd3 12. Qxd3 Bc7 $11) 10... cxd3 11. Bxd3 (11. Qxd3 Qxd6 {
The idea is..., if White wants to avoid the exchange, he needs to put the
queen on a bad square like e3... Then Black has some time to finish the
development and enjoy a good position.}) 11... Qxd6 12. Qc2 (12. Qe2 {would be
natural for the queen, but after} Rd8 13. Rd1 (13. Bc2 $4 Bc4) 13... Bc4 14.
Ne1 {Black has no problems at all.}) 12... Rd8 13. Be4 Bd5 {Continuing with
the idea of entering an endgame...} 14. Re1 Bxe4 15. Qxe4 f6 16. Nbd2 g6 {
The next moves are just a transition to the endgame.} (16... Qd3 17. Qg4 Qg6
18. Qe6+) 17. Nc4 Nxc4 18. Qxc4 Qd5 19. Qxd5 Rxd5 20. Be3 Kf7 21. Rad1 Rxd1 22.
Rxd1 Ke6 23. Nd2 {Now it's time to think... First because he offered a draw
and second, if I want to keep playing, I need a long term plan which is not so
easy to find.} f5 {The first idea is to avoid 24.Ne4. Later my plan is to
expand on the kingside and try to exert pressure on the semi-open file with
the rook and the knight. Probably the exchange of knight for bishop is good
for me, but not both, otherwise I will have some problems to defend my back
rank in some cases.} 24. f3 Be7 25. Kf1 b6 26. Ke2 Na5 {Now White has problems
to advance his own majority.} 27. h3 $6 {A commital move. The idea is to force
me to put my pawn on h4... After this I will have to defend the pawn all the
time, but my bishop is doing well on e7 so far, so that is not a big problem.}
h5 28. Rc1 Rc8 29. Rg1 h4 30. Rd1 {Now it's time for the second part of my
plan, to break on b4 to activate my rook.} Rc7 31. Ra1 b5 32. b4 (32. a4 b4 {
doesn't help White.}) 32... Nb7 33. Kd3 (33. a4 {was probably the plan, but
after} Rxc3 34. axb5 Bxb4 {White cannot take the pawn} 35. Bxa7 (35. Rxa7 $4
Rxe3+ 36. Kxe3 Bc5+ $19) (35. Ra6+ Nd6 $17) 35... Rc2 36. Be3 f4 37. Kd1 Rb2
38. Nc4 Rxg2 $17) 33... Bf6 34. Rc1 (34. a4 e4+ {was the idea.} 35. Ke2 exf3+
36. gxf3 Bxc3 $15) 34... Nd6 {Now White has problems with the c-pawn and the
c4-square. It's still not enough for a win, but a good position to work with.}
35. Bc5 Bg5 $1 {Setting a trap. Theoretically after exchanging the minor
pieces White has chances to hold the rook endgame... But I will not exchange
only the minor pieces...} 36. Be3 (36. Bxd6 $2 Rd7 $1 37. Ke2 Rxd6 38. Rd1 Bxd2
39. Rxd2 Rxd2+ 40. Kxd2 Kd5 {the pawn endgame is hopeless due to White's bad
structure.} 41. Kd3 e4+ 42. fxe4+ fxe4+ 43. Ke3 Kc4 44. Kxe4 Kxc3 $19 {and
Black is a lot of tempi up.}) 36... Bxe3 37. Kxe3 Kd5 {Without the bishops the
h-pawns are very favorable to me.... White's structure is almost totally
paralysed.} 38. Nb3 Nc4+ 39. Ke2 Nb2 {Trying to transfer the knight to a4.} 40.
Nc5 a5 {Opening the a-file for me!} 41. Rb1 Nc4 42. Ra1 Kc6 $5 {To avoid a4
which is the most dangerous plan for White.} (42... axb4 43. cxb4 Ra7 44. a4
$15 {is not sufficient.}) 43. Nd3 (43. a4 bxa4 44. Rxa4 Kb5 45. Ra1 Rc8 46. Ra2
a4 $1 {and with the passed pawn and the king coming White has a lot of
problems.}) 43... Kb6 44. bxa5+ (44. a4 {still doesn't works} bxa4 45. Rxa4 Kb5
46. Ra1 a4 $17) 44... Kxa5 {Now Black has two targets. I think Black is
already almost winning.} 45. Nc1 Nb2 $1 46. Kd2 Rd7+ 47. Kc2 (47. Ke2 Ka4 $1
48. Nb3 Rc7 49. Kd2 Nc4+ 50. Ke2 Ka3 $1 {and the position is hopeless.}) 47...
Nc4 {Time to move over to the kingside. White has no time to defend g2...} 48.
Nb3+ Kb6 49. Re1 f4 $1 {Giving up the e4-square in exchange for a more
important one.} 50. Re2 Ne3+ 51. Kb2 Rd1 52. Nd2 Rg1 53. Kb3 Rc1 {Keeping up
the pressure!, threatening ...Rc2 in some positions and avoiding c4...} (53...
Rxg2 {was the normal move, but after} 54. Rxg2 Nxg2 55. c4 Ne3 56. cxb5 Kxb5
57. Ne4 {I'm not sure if Black can win...}) 54. a3 Ka5 55. Ne4 Rb1+ 56. Ka2 Rg1
57. Kb3 Nxg2 {To maintain the attack.} 58. Rd2 Ne3 59. Rd6 $2 {The last
mistake, White threatens Nc5-b7 or Ra6, but Black's attack arrives just one
move before.} (59. Rd8 Rb1+ 60. Ka2 Rh1 $19) 59... Nc4 60. Rd8 Rg2 {... and
there is nothing to do against it.} 61. Ra8+ Kb6 62. Rb8+ Kc6 63. Rc8+ Kb7 {
A game with more ideas than long lines... But I think it was instructive
anyway...} 0-1

[Event "Tan Chin Nam Cup 6th"]
[Site "Beijing"]
[Date "2000.07.15"]
[Round "7"]
[White "Ye, Jiangchuan"]
[Black "Adianto, Utut"]
[Result "1-0"]
[WhiteElo "2670"]
[BlackElo "2583"]
[Annotator "Finkel,A"]
[PlyCount "113"]
[EventDate "2000.07.03"]
[EventType "tourn"]
[EventRounds "9"]
[EventCountry "CHN"]
[EventCategory "16"]
[SourceTitle "CBM 078"]
[Source "ChessBase"]
[SourceDate "2000.10.18"]
[SourceVersion "1"]
[SourceVersionDate "2000.10.18"]
[SourceQuality "1"]

1. e4 g6 2. d4 Bg7 3. Nf3 c5 4. c3 cxd4 5. cxd4 d6 6. h3 Nf6 (6... Nc6 7. Nc3
e6 8. Bf4 Nge7 9. Nb5 $6 O-O $1 10. Nxd6 Nxd4 $1 $13 {Shrentzel,M-Shvidler,E/
Czerniak mem 1995}) 7. Nc3 O-O 8. Be2 {The position was transformed from Pirc
to Alapin variation in the sicilian defense,where white enjoys from not so big,
but very comfortable advantage.} (8. Be3 d5 $6 9. e5 Ne4 10. Nxe4 dxe4 11. Ng5
Qd5 12. Qb3 Qxb3 13. axb3 Nc6 14. Bc4 $16 {Pajkovic,V-Nikolic,Z/JUG-chT 1996})
8... Nc6 9. O-O a6 {This plan has his drawbacks which were revealed in the
following game.Deserved attention} (9... d5 10. e5 Ne8 11. Bf4 Nc7 12. Qd2 Ne6
13. Be3 f6 14. exf6 $14 {Spasojevic,Z-Pejovic,B/JUG-chT2 1994}) 10. Be3 b5 11.
Rc1 Bb7 12. d5 Na5 $6 {As shows the game this move leads almost by force to
very significient advantage of white so better was} (12... Ne5 $5) 13. b4 Nc4
14. Bxc4 bxc4 15. Nd2 Rc8 (15... a5 $5 16. b5 Rc8 17. Na4 Qe8 18. Nb6 c3 19.
Nb3 Qxb5 20. Nxc8 Rxc8 21. f3 $14 {Zugaj,F-Mali,S/Bled op 1992}) 16. Qe2 e6 (
16... a5 17. b5 e6 18. Nxc4 exd5 19. exd5 Nxd5 20. Nxd5 Bxd5 21. Rfd1 $16) (
16... Qc7 17. Na4 $1 $16 {[%cal Gc1c4]}) 17. Nxc4 exd5 18. exd5 (18. Nb6 Rxc3
19. Rxc3 Nxe4 20. Rd3 d4 21. Bxd4 Bxd4 22. Rxd4 Qxb6 23. Rxe4 $11) 18... Nxd5
19. Nxd5 Bxd5 20. Rfd1 $16 {[%csl Rd6]} Be6 $5 {Black can't keep the material
balancee also in case of} (20... Bxc4 21. Rxc4 Rxc4 22. Qxc4 $16 {[%csl Ra6,
Rd6] and black loses one of the pawns.}) 21. Nxd6 Rxc1 22. Bxc1 Qh4 23. Bb2 $1
{After this move in addition to the material advantage white gets serious
attacking chanses.} Bxb2 (23... Qxb4 24. Bxg7 Kxg7 25. Qe5+ Kg8 26. Ne4 Qb8 $8
27. Nf6+ Kh8 28. Qd4 $1 $18 {[%csl Rh8][%cal Gf6h5]}) 24. Qxb2 Rd8 25. a3 Qf4
26. Rd4 $1 Qf6 27. Qd2 Rd7 28. a4 {[%cal Gb4b7]} h5 29. b5 axb5 30. axb5 Qd8
31. Qb4 Qb6 32. Rd1 (32. Rd2 $5 Rc7 33. Ne4 Rc1+ 34. Kh2 $16) 32... Rc7 $6 (
32... Kh7 33. Qd4 Qxd4 34. Rxd4 Bc4 35. b6 Ba6 36. f4 Kg8 37. Kf2 Kf8 38. Ke3
$18) 33. Ne4 Rc2 34. Qe7 $1 {[%cal Gd1d8] Bringing the queen to g5 from where
it will not only to defend the pawn on b5,but seriously disturb the black king.
} Rc8 35. Qg5 Qb8 36. Nf6+ Kf8 37. Rd7 $1 $18 {Winning another pawn and now
white's win is just a question of time.} Kg7 (37... Qa8 38. Qh6#) 38. Nxh5+ Kh7
39. Nf6+ Kg7 40. Rd1 Bb3 41. Ng4 Kg8 (41... Bxd1 42. Qh6+ Kg8 43. Nf6#) 42. Re1
Bc4 43. Nh6+ Kh7 44. Ng4 Kg8 45. Qf6 Re8 (45... Qxb5 46. Nh6+ Kh7 47. Nxf7 $18)
46. Rxe8+ Qxe8 47. b6 Qb5 48. Qd8+ Kh7 49. Nf6+ Kg7 50. Qd4 Be6 51. Nd5+ Kg8
52. Nc7 Qb1+ 53. Kh2 Bf5 54. Ne8 Kf8 55. Nd6 $1 Bd7 56. b7 Bc6 57. b8=R+ 1-0

[Event "ISR-ch op"]
[Site "Ramat Aviv"]
[Date "1999.04.05"]
[Round "6"]
[White "Finkel, Alexander"]
[Black "Roiz, Michael"]
[Result "1/2-1/2"]
[WhiteElo "2455"]
[BlackElo "2365"]
[Annotator "Finkel,A"]
[PlyCount "56"]
[EventDate "1999.03.28"]
[EventType "swiss"]
[EventRounds "9"]
[EventCountry "ISR"]
[SourceTitle "CBM 070"]
[Source "ChessBase"]
[SourceDate "1999.06.08"]
[SourceVersion "1"]
[SourceVersionDate "1999.06.08"]
[SourceQuality "1"]

1. e4 c5 2. c3 e6 3. d4 d5 4. exd5 exd5 5. Be3 c4 6. b3 cxb3 7. axb3 Bd6 8. Bd3
Nc6 9. Nf3 Nge7 10. O-O O-O $6 11. Nh4 $1 (11. Qc2 $5 g6 12. Bh6 Re8 13. Bg5
Bg4 14. Nh4 Qd7 15. Na3 Rac8 16. Qd2 Bb8 17. Nc2 $14 {Rozentalis,E-Kochyev,A/
Voronez 1987 (40)}) (11. Re1 Bf5 12. Bg5 f6 13. Bh4 Qd7 14. Bg3 Bxg3 15. hxg3
a6 16. Ra2 Rac8 17. Rae2 Bxd3 18. Qxd3 Nf5 $11 {Brynell,S-Larsen,B/Naestved op
1988}) 11... Qc7 (11... Be6 12. Qh5 (12. f4 $6 Ng6 13. Qh5 Qxh4 14. Bxg6 Qxh5
15. Bxh5 Ne7 16. Bc1 Rfc8 $15 {Bjelajac,M-Tarjan,J/Vrsac 1983 (40)}) 12... g6
13. Qf3 f6 14. Bf4 Bxf4 15. Qxf4 g5 16. Qg3 Kh8 17. Nf3 Bf5 18. Bxf5 Nxf5 19.
Qg4 $14 {Petschar,K-Topakian,R/AUT-ch sf 1990 (38)}) (11... Ng6 12. Nf5 Bxf5
13. Bxf5 Qc7 14. Qh5 a6 15. c4 Bf4 16. Nc3 Bxe3 17. fxe3 dxc4 18. bxc4 Nce7 19.
Bd3 $14 {Przewoznik,J-Vogt,L/Naleczow 1979 (27)}) 12. Kh1 ({I wasn't sure if} 
12. h3 $5 {was usefull move so I decided to leave the pawns where they are!})
12... Ng6 ({Of course bllack can't take on h2:} 12... Bxh2 $6 13. g3 Bxg3 14.
fxg3 Qxg3 15. Qe1 Qh3+ 16. Kg1 Re8 17. Rf3 Qg4+ 18. Rg3 $14 {and white has
better chanses.}) (12... f5 13. f4 Bd7 14. g3 Rae8 15. Re1 $14 {[%cal Gh4f3,
Gf3e5]}) {The idea behind 10.Nh4.Black can't comfortably finish development
and white's pressure becomes quiet unpleasent.} 13. Qh5 $1 (13. Nf5 $6 Bxf5 14.
Bxf5 Nce7 15. Bd3 f5 $132) 13... Be6 (13... Nce7 14. c4 $1 Be6 15. c5 (15. Nc3
$2 dxc4 16. Nb5 Qd7 $1 {[%csl Rh5]} 17. bxc4 Bg4 $19) 15... Bf4 16. Nc3 Rfe8
17. Nxg6 $14) 14. Nd2 Nce7 15. Ndf3 $6 {I couldn't stand the temptation to win
a pawn,but this decision proves to be inaccurate.White should continue} (15. c4
$1 Rfe8 (15... f5 16. c5 Bf4 17. Nxg6 Nxg6 18. g3 Bxe3 19. fxe3 $16) 16. c5 Bf4
17. Nxg6 Nxg6 18. g3 Bxe3 19. fxe3 $14 {with significient positional advantage.
}) 15... f6 $8 16. Nxg6 hxg6 17. Bxg6 Nxg6 18. Qxg6 Qd7 ({Black can't take on
c3} 18... Qxc3 $2 19. Ng5 $1 $18 {,but deserved attention prelimenary}) (18...
Qc8 $5 19. Bd2 $6 (19. Nh4 $5 Qxc3 20. Rfc1 (20. Nf5 $6 Qc7 21. Rfc1 Qd7 22.
Nxd6 Qxd6 $13) 20... Qxb3 21. Rab1 Qa2 22. Rxb7 Rf7 (22... Bf7 23. Bh6 $3 Bxg6
24. Rxg7+ Kh8 25. Nxg6#) 23. Rxf7 Bxf7 24. Qg4 $36 {and white keepss the
initiative despite of material balance.}) 19... Bf5 20. Qh5 g6 21. Qh6 Rf7 $40
{[%csl Rh2][%cal Gf7h7,Gf5e4]}) 19. Nh4 Rfc8 $6 ({Better was} 19... Qf7 $1 20.
Qxf7+ $5 (20. Rfe1 Rfe8 21. Qxf7+ Kxf7 22. Bd2 g5 23. Nf3 Bf5 24. c4 Rh8 $132)
20... Kxf7 21. f4 Rh8 $5 (21... Rfc8 22. f5 Bd7 23. Rfc1 a5 24. c4 a4 25. c5
axb3 26. Rab1 $1 $14) 22. g3 Bh3 23. Rfe1 a5 24. c4 Bb4 $44 {and black has
compensation for a pawn.}) 20. Bd2 Bf8 21. Rfe1 Re8 22. f3 $6 {I didn't manage
to find a plan how to strengthen the position and decided to restrict the
bishop,but this waste of time permitted black to create dangerous counterplay
on the queenside.} (22. Re3 $5 $14) 22... a5 23. g4 $5 {If you say 'a' you
should say 'b'!} (23. Bc1 $6 b5 24. Ba3 Bf7 25. Rxe8 (25. Qg3 $2 Rxe1+ 26. Qxe1
g5 $17 {[%csl Rh4]}) 25... Rxe8 26. Qg3 Bxa3 27. Rxa3 Re3 $132) (23. Qh5 Bf7 (
23... g5 24. Ng6 Bg7 25. h4 Bf7) 24. Ng6 Bxg6 25. Qxg6 Rxe1+ 26. Rxe1 b5 $44)
23... Bf7 24. Qd3 Rxe1+ 25. Bxe1 b5 26. Ng2 a4 27. Ne3 Qe8 28. b4 Ra7 $44 {
Here both sides were very short on time and I was pleased to accept the draw
offer,because I felt that my position started to deteriorate and to defend
such a position in the time-trouble wasn't exactly my drive so...} 1/2-1/2

[Event "Beersheba 16th"]
[Site "Beersheba"]
[Date "1997.02.24"]
[Round "1"]
[White "Finkel, Alexander"]
[Black "Dvoirys, Semen I"]
[Result "1/2-1/2"]
[WhiteElo "2505"]
[BlackElo "2590"]
[Annotator "Finkel,A"]
[PlyCount "63"]
[EventDate "1997.02.24"]
[EventType "tourn"]
[EventRounds "11"]
[EventCountry "ISR"]
[EventCategory "12"]
[SourceTitle "CBM 058"]
[Source "ChessBase"]
[SourceDate "1997.06.01"]
[SourceVersion "1"]
[SourceVersionDate "1997.06.01"]
[SourceQuality "1"]

1. e4 {HarZvi,R} c5 2. c3 Nf6 3. e5 Nd5 4. g3 Nc6 (4... d6 {HarZvi} 5. exd6 e6
(5... Qxd6) 6. Bg2 Bxd6 7. Nf3) 5. Qe2 $5 {New move in this position.In all
previous games white met black's reply with 5.Bg2.The idea behind the move
played in the game is very simple white doe'snt want to play f4 on Qc7 and
hopes to get some advantage in the space.This move definitly has it's
drawbacks ,but it deserves very seriouse attension} (5. Bg2 {HarZvi} e6 (5...
Qc7 6. f4 (6. Qe2 $2 Qxe5 7. Qxe5 Nxe5 8. Bxd5 Nd3+ 9. Kd1 e6 10. Bg2 Nxf2+ $17
) 6... e6 7. Qe2 a6 (7... Be7 8. Nf3 d6 9. d3 O-O 10. O-O a6 11. Nbd2 dxe5 12.
fxe5 b5 13. a4 (13. c4 $5) 13... Bb7 $13 {Rozentalis,E-Dvoirys,S URS-ch
Leningrad 1990}) 8. d3 b5 9. Nf3 d6 10. O-O (10. c4 $5 bxc4 11. dxc4 Nb6 12.
exd6 Bxd6 13. O-O $14) 10... dxe5 11. fxe5 Be7 12. a4 Bb7 $13 {Rozentalis,
E-Shirov,A Manila olm 1992 55/159 [Shirov,A]}) 6. Nf3 d6 7. exd6 Bxd6 8. O-O
O-O 9. d4 b6 (9... cxd4 10. Nxd4 Bd7 (10... Nxd4 11. Qxd4 Qc7 12. Nd2 Bd7 13.
Ne4 Bb5 14. Re1 Be7 15. Ng5 h6 16. Nf3 Rad8 17. a4 Ba6 {1/2-1/2 Rozentalis,
E-Wojtkiewicz,A Bad Godesberg 1993 59/(172)}) 11. c4 Nde7 12. Nb5 Be5 13. N1c3
a6 14. Nd6 Qc7 15. c5 Rad8 $15 {/-/+ Rozentalis,E-Shirov,A Tilburg 199 59/172})
10. c4 Nde7 11. Nc3 Bb7 12. d5 (12. dxc5 Bxc5 13. Ne4 $14) 12... exd5 13. cxd5
Nb4 14. Ng5 h6 15. Nge4 Nbxd5 16. Bxh6 {with a big mass Magam Badals,
J-Tiviakov,S Madrid 199460/154}) 5... g6 $1 {Probably the best way to met
white's set-up a new idea in this line normally black playes d6-e6} 6. Bg2 Nc7
7. Nf3 Bg7 8. O-O O-O 9. d4 cxd4 10. cxd4 d6 11. h3 $1 {All other moves give
black upper hand.For example: it is important not allowing black to play Bg4} (
11. Rd1 Bg4 $1 12. h3 Bxf3 13. Bxf3 (13. Qxf3 dxe5 14. dxe5 Qc8 $1 (14... Nxe5
15. Qb3 Qe8 16. Qxb7 Rc8 17. Nc3 $16) 15. Bf4 Ne6 $1 16. Nc3 Nxf4 17. gxf4 f6
$15) 13... dxe5 14. dxe5 Qc8 15. Bxc6 bxc6 16. Kg2 Qe6 17. Re1 Rfd8 $15) (11.
exd6 exd6 12. Be3 Re8 13. Rd1 Be6 14. Nc3 Nd5 $15) (11. Nc3 dxe5 12. dxe5 Bg4
13. Rd1 Qc8 14. Qe4 Bxf3 15. Qxf3 Bxe5 16. Bg5 $15) 11... Be6 12. Nc3 Qd7 (
12... dxe5 13. dxe5 Nd4 14. Nxd4 (14. Qe4 {HarZvi} Nxf3+ 15. Qxf3 Qc8 $1 (15...
Bxe5 16. Bh6 Re8 17. Qxb7 Qc8 18. Qxc8 Raxc8 19. Rac1 $14 {[%csl Ga2,Ra7,Gb2]})
16. Qxb7 Qxb7 17. Bxb7 Rab8) 14... Qxd4 15. Re1 Rad8 16. Bg5 $14) 13. Kh2 Rad8
14. exd6 $1 (14. Bf4 {HarZvi} Nd5 15. Nxd5 Bxd5 $15 {[%csl Rd4,Re5]}) 14...
Qxd6 (14... exd6 {HarZvi it seems to me that after this move black enjoyes a
very very slight advantage thanks to the weak d4 pawn and the free square on
d5 which he has} 15. Bg5 Rde8 16. Qd2 Nd5 17. Bh6 Nxc3 18. bxc3 $13) 15. Bf4
Qd7 16. Ne5 Nxe5 17. dxe5 (17. Bxe5 {HarZvi} b6 (17... Nd5 18. Bxg7 Kxg7))
17... Nd5 18. Nxd5 Bxd5 19. Rfd1 Qe6 20. Bxd5 Rxd5 21. Rxd5 Qxd5 22. Rd1 $1 $14
Qc6 $5 (22... Qxa2 $5 23. Rd7 (23. Qb5 $6 Qa6 24. Qxa6 bxa6 25. Rd7 Rb8 26.
Rxe7 Kf8 27. Rxa7 Rxb2 $11) 23... Qb3 24. Rxe7 Rc8 25. Qe3 Qxe3 26. Bxe3 a5 $11
) 23. Qe3 a6 24. Rc1 Qd7 25. Qe4 Rc8 {[#]} 26. Qd5 $1 {last try to play for a
win} Qf5 $1 {the only,but quiet sufficient defense} (26... Qxd5 $4 {HarZvi} 27.
Rxc8+ Bf8 28. Bh6) 27. Rc7 $1 Rxc7 28. Qd8+ Bf8 29. Qxc7 Qe4 30. Qd8 Qe2 $1 31.
Kg2 Qe4+ 32. Kh2 1/2-1/2

[Event "EU-Cup 19th"]
[Site "Rethymno"]
[Date "2003.10.01"]
[Round "4.4"]
[White "Finkel, Alexander"]
[Black "Eriksson, Mats"]
[Result "1-0"]
[WhiteElo "2458"]
[BlackElo "2322"]
[Annotator "Finkel,A"]
[PlyCount "91"]
[EventDate "2003.09.28"]
[EventType "team-swiss"]
[EventRounds "7"]
[EventCountry "GRE"]
[SourceTitle "CBM 098"]
[Source "ChessBase"]
[SourceDate "2004.02.03"]
[SourceVersion "1"]
[SourceVersionDate "2004.02.03"]
[SourceQuality "1"]
[WhiteTeam "Tel Aviv Shlomo Har Zvi"]
[BlackTeam "Malmo Linhams"]
[WhiteTeamCountry "ISR"]
[BlackTeamCountry "SWE"]

1. e4 c5 2. c3 e6 3. d4 d5 4. exd5 exd5 5. Be3 c4 6. b3 cxb3 7. axb3 Bd6 8. Bd3
Nc6 9. Qf3 Be6 10. Ne2 (10. Nd2 Qd7 11. Ne2 Nge7 12. Bf4 Bg4 13. Qg3 Bxe2 14.
Bxe2 Bxf4 15. Qxf4 O-O 16. O-O Rac8 $132 {Sermek,D-Cabrilo,G/Bled 1991}) (10.
Bf4 Nf6 11. Ne2 O-O 12. Bxd6 Qxd6 13. O-O Ne4 14. Qf4 g5 15. Qc1 Qe7 $13 {
Feuerstack,A-Fish,G/Kiel 2003}) 10... Qd7 (10... Qf6 11. Nf4 Nge7 12. Nh5 Qxf3
13. Nxg7+ Kd7 14. gxf3 h5 15. Nxe6 fxe6 16. Nd2 $14 {Dianda,J-Fabbri,O/Sao
Paulo 2000}) 11. Bf4 (11. h3 Nge7 12. Bf4 Bxf4 13. Nxf4 Bf5 14. O-O Bxd3 15.
Nxd3 O-O 16. Re1 b6 $11 {Tzermiadianos,A-Kotronias,V/Agios Nikolaos 1995})
11... Be7 $5 (11... Bxf4 12. Nxf4 Nf6 13. O-O O-O 14. Nh5 Nxh5 15. Qxh5 {
Kuijf,M-Psakhis,L/Benasque 1996}) 12. Ng3 (12. O-O Nf6 13. Nd2 O-O 14. Rfe1
Rfe8 15. h3 Bf5 16. Ng3 Bxd3 17. Qxd3 $14) 12... h5 $5 13. h3 (13. Nxh5 $2 Bg4
14. Nxg7+ Kf8 15. Qg3 Bh4 $19) (13. h4 Nf6 14. O-O Bg4 15. Qe3 O-O 16. f3 Be6
17. Nd2 $14) 13... h4 14. Nf1 $6 {More active was} (14. Nh5 $5 Kf8 15. Be3 {
[%cal Gh5f4]} g5 16. g4 hxg3 17. Nxg3 Rxh3 18. Rxh3 Bxh3 19. Nf5 $36 {with
strong compensation for a pawn.}) 14... g5 $1 15. Bc1 (15. Bh2 f5 (15... g4 16.
hxg4 Bxg4 17. Qf4 h3 18. Ne3 hxg2 19. Rg1 Bh3 20. Nxg2 Nf6 21. Ne3 $14) 16. Ne3
f4 {[%csl Rh2]} 17. Ng4 Bxg4 18. hxg4 Nh6 19. Be2 O-O 20. Nd2 $13) 15... f5 (
15... g4 16. hxg4 Bxg4 17. Qf4 (17. Qe3 Rh6 18. Qd2 Re6+ 19. Ne3 Bg5 20. Qc2
Nf6 $132) 17... Bd6 18. Qg5 Be7 19. Qf4 Bd6 $11) 16. b4 b6 17. Na3 $6 {Too
slow. The position was calling for drastic measures as} (17. Ne3 $5 f4 18. Ng4
Bxg4 19. hxg4 Nh6 20. O-O $36) 17... f4 18. Nd2 Nf6 19. Qe2 {[%cal Gd2f3,Gf3e5]
} Bf5 20. O-O Kf8 $2 (20... Bxd3 $1 21. Qxd3 g4 $1 (21... O-O-O $6 22. Nb3 Rhg8
23. b5 Nb8 24. f3 $14) 22. hxg4 Qxg4 $15) 21. Nf3 {[%cal Gb4b5,Gf3e5]} Ne4 (
21... Bxd3 22. Qxd3 g4 23. Ne5 Nxe5 24. dxe5 Ne4 25. hxg4 h3 26. gxh3 Ng5 27.
f3 $16) 22. b5 Na5 23. Ne5 Qe6 24. Bb2 $1 $16 {[%cal Gc3c4]} Nb3 $6 (24... Bf6
25. c4 (25. Rae1 $6 Bxe5 26. dxe5 Nc5 27. Bxf5 Qxf5 28. Qf3 (28. e6 f3 29. Qxf3
Qxf3 30. gxf3 Nd3 $13) 28... Nd3 29. Qxd5 Kg7 30. Re2 Rad8 $132) 25... Nb3 26.
Rae1 Bxe5 27. dxe5 Nbc5 28. cxd5 Qxd5 29. Bc2 $16) 25. Rad1 Kg7 26. Qc2 Na5 27.
Rfe1 {[%cal Ge1e7]} Bf6 28. c4 $1 $18 (28. f3 Ng3 29. Ng6 $2 Bxd4+ $1 30. cxd4
Qxg6 $15) 28... Rhc8 29. Qb1 Nd6 30. Ng4 $1 (30. cxd5 Bxd3 31. dxe6 Bxb1 32.
Rxb1 Bxe5 33. Rxe5 Kf6 34. d5 Nac4 35. Nxc4 Nxc4 36. Re2+ Ke7 $16) 30... Bxg4 (
30... Qd7 $142 31. Nxf6 Kxf6 32. cxd5 Kg7 33. Re5 $18) 31. Rxe6 Bxe6 32. c5 Ne8
33. Re1 $6 (33. Bf5 Bxf5 34. Qxf5 bxc5 35. Qxd5 $18) 33... Bf7 34. Bf5 Rc7 35.
Be6 Bg6 36. Qa2 bxc5 37. dxc5 Rxc5 38. Bd7 $6 (38. Bxd5 Rd8 39. Bf3 $18) 38...
d4 39. Nb1 Nc4 $6 (39... Rc2 40. Qxa5 Rxb2 41. Bc6 Rd8 $16 {[%cal Gd4d2]}) 40.
Bc6 Nxb2 41. Bxa8 Nd3 42. Rd1 Rxb5 43. Qxa7+ Kh6 44. Nd2 Nb2 45. Re1 Nd3 46.
Rxe8 $1 (46. Rxe8 Bxe8 47. Be4 Bg6 48. Bxg6 Kxg6 49. Qa6 $18) 1-0